000
00313nam a2200133Ia 4500
100
_a
Kruse/ Robert L. & others
942
_c
BK
654
_a
Data structures
245
_a
Data structures & program design in C.
260
_b
prentice hall
_a
New Delhi
_c
1994
300
_a
586
546
_a
ENGLISH
999
_c
31996
_d
31996